Design of logic systems

Bibliographic Details
Main Author: Lewin, Douglas
Format: Book
Language:English
Published: London : Van Nostrond Reinhold , 1985
Subjects:

MARC

LEADER 00000cam a2200000 7i4500
001 0000000016
005 20230726.0
008 991122 enk eng
020 |a 0442306067 (pbk) 
040 |a INS 
090 0 0 |a TK7868.S9   |b .L397 1985 
100 1 |a Lewin, Douglas 
245 1 0 |a Design of logic systems   |c Douglas Lewin 
260 |a London :   |b Van Nostrond Reinhold ,   |c 1985 
300 |a ix, 578 p. :   |b ill. ;   |c 24 cm. 
500 |a Includes index 
650 0 |a Integrated circuits 
650 0 |a Logic design 
650 0
999 |a 0000004503   |b BOOK   |c Open Shelf   |e Default branch